[Event "Challenge"]
[Site "http://www.queenalice.com/game.php?id=1202871"]
[Date "2013.7.27"]
[Round "-"]
[White "brunkali"]
[Black "eddval"]
[Result "0-1"]
[WhiteElo "2098"]
[BlackElo "2102"]

1. e4 c5 2. c3 d5 3. e5 Bf5 4. d4 e6 5. Bd3 Bxd3 6. Qxd3 Nc6 7. Ne2 c4 8. Qd1 b5
9. O-O a5 10. a3 Nge7 11. Bg5 Qb6 12. Bxe7 Bxe7 13. a4 b4 14. b3 O-O 15. bxc4
dxc4 16. d5 Nxe5 17. Qd4 Qxd4 18. Nxd4 exd5 19. Nb5 Bc5 20. Kh1 Nd3 21. Ra2 Rae8
22. g3 Re7 23. Kg2 Rfe8 24. Nc7 Rxc7 0-1

[Event "Challenge"]
[Site "http://www.queenalice.com/game.php?id=1203047"]
[Date "2013.7.27"]
[Round "-"]
[White "brunkali"]
[Black "eddval"]
[Result "0-1"]
[WhiteElo "2075"]
[BlackElo "2144"]

1. d4 Nf6 2. c4 e6 3. Nc3 Bb4 4. Bd2 b6 5. e3 Bb7 6. f3 O-O 7. Bd3 d6 8. Nge2
Nbd7 9. O-O e5 10. d5 Qe7 11. Ne4 Bxd2 12. Nxd2 Nc5 13. Bc2 a5 14. Nb3 Nxb3 15.
Bxb3 Nd7 16. e4 Nc5 17. Bc2 Bc8 18. Qe1 f5 19. exf5 Bxf5 20. Bxf5 Rxf5 21. Ng3
Rf7 22. Qe3 Raf8 23. Rae1 Qh4 24. b3 Rf4 25. Ne2 R4f6 26. Ng3 Rh6 27. Ne4 Qxh2+
28. Kf2 Rg6 29. Rg1 Nxe4+ 30. Qxe4 Rf4 31. Qd3 Rg3 32. Kf1 g5 33. Re4 Rf6 34.
Qe3 h6 35. Qf2 g4 36. Qe3 gxf3 0-1

[Event "Challenge"]
[Site "http://www.queenalice.com/game.php?id=1203911"]
[Date "2013.7.30"]
[Round "-"]
[White "brunkali"]
[Black "pizzaiolo72"]
[Result "1-0"]
[WhiteElo "2057"]
[BlackElo "1900"]

1. d4 Nf6 2. c4 e6 3. Nc3 c5 4. d5 exd5 5. cxd5 d6 6. e4 Be7 7. Bd3 h6 8. Nge2
O-O 9. f4 Bg4 10. h3 Bxe2 11. Qxe2 Nbd7 12. e5 dxe5 13. fxe5 Re8 14. exf6 Bxf6
15. Be3 Bd4 16. Nd1 Qh4+ 17. Qf2 Bxe3 18. Qxh4 Bg5+ 19. Qe4 Rxe4+ 20. Bxe4 Re8
21. Nc3 Nf6 22. d6 Nxe4 23. d7 Bh4+ 24. g3 Bxg3+ 25. Kf1 Nd2+ 26. Kg2 Rd8 27.
Kxg3 1-0

[Event "Challenge"]
[Site "http://www.queenalice.com/game.php?id=1206651"]
[Date "2013.8.9"]
[Round "-"]
[White "brunkali"]
[Black "eddval"]
[Result "1-0"]
[WhiteElo "2069"]
[BlackElo "2171"]

1. e4 e5 2. Nf3 Nc6 3. d4 exd4 4. Nxd4 Bc5 5. Be3 Qf6 6. c3 Nge7 7. Bb5 Bb6 8.
O-O O-O 9. Qd2 Qg6 10. f3 d5 11. Nxc6 bxc6 12. Bd3 Rd8 13. Bc2 Ba6 14. Rd1 Qh6
15. Bxb6 Qxd2 16. Nxd2 cxb6 17. Kf2 Kf8 18. g4 h6 19. h4 g5 20. hxg5 hxg5 21.
Rh1 Ng6 22. Rh7 d4 23. cxd4 Rxd4 24. Nb3 Rdd8 25. Ke3 c5 26. Rh5 f6 27. Rh7 Bc4
28. Rah1 Bf7 29. R1h6 Bg8 30. Rb7 Bf7 31. Nd2 Kg7 32. Rxg6+ Kxg6 33. e5+ Kg7 34.
e6 Rf8 35. Ne4 Rae8 36. Bb3 Kg6 37. exf7 Ra8 38. Ng3 Rab8 39. Rxa7 b5 40. Bc2+
f5 41. Bxf5+ Kf6 42. Ne4+ 1-0

[Event "Challenge"]
[Site "http://www.queenalice.com/game.php?id=1212828"]
[Date "2013.8.29"]
[Round "-"]
[White "RafaelCabral"]
[Black "brunkali"]
[Result "1-0"]
[WhiteElo "2054"]
[BlackElo "2095"]

1. e4 e6 2. d4 d5 3. Nd2 c5 4. Ngf3 Nc6 5. c3 c4 6. g3 f6 7. Bg2 Bd6 8. O-O Nge7
9. b3 b5 10. a4 Ba6 11. axb5 Bxb5 12. bxc4 dxe4 13. cxb5 exf3 14. Qxf3 Nd5 15.
bxc6 O-O 16. Ne4 Be7 17. Ba3 Bxa3 18. Rxa3 Nc7 19. Nc5 Nb5 20. Nxe6 1-0

[Event "Challenge"]
[Site "http://www.queenalice.com/game.php?id=1212919"]
[Date "2013.8.30"]
[Round "-"]
[White "brunkali"]
[Black "eddval"]
[Result "1-0"]
[WhiteElo "2074"]
[BlackElo "2177"]

1. e4 c5 2. Nf3 Nc6 3. Bb5 g6 4. O-O Bg7 5. c3 e6 6. d3 Nge7 7. Bg5 Qb6 8. Na3
O-O 9. Qd2 d6 10. Bh6 a6 11. Bxg7 Kxg7 12. Ba4 Qa5 13. Nc4 Qc7 14. Ne3 b5 15.
Bc2 Bb7 16. d4 Rac8 17. Ng4 Ng8 18. a4 f5 19. axb5 axb5 20. exf5 exf5 21. Ne3
Nf6 22. Rfe1 h6 23. Bxf5 gxf5 24. Nxf5+ Kh8 25. Qxh6+ Nh7 26. Re7 Qxe7 27. Nxe7
Nxe7 28. Ng5 1-0

[Event "Challenge"]
[Site "http://www.queenalice.com/game.php?id=1215695"]
[Date "2013.9.9"]
[Round "-"]
[White "pizzaiolo72"]
[Black "brunkali"]
[Result "1-0"]
[WhiteElo "2030"]
[BlackElo "2096"]

1. d4 d5 2. c4 c6 3. Nc3 e6 4. Nf3 Nf6 5. Bg5 dxc4 6. e4 b5 7. e5 h6 8. exf6
hxg5 9. fxg7 Bxg7 10. Be2 f5 11. Ne5 O-O 12. Bh5 Nd7 13. Nxc6 1-0

[Event "Challenge"]
[Site "http://www.queenalice.com/game.php?id=1215854"]
[Date "2013.9.10"]
[Round "-"]
[White "jeancarlo1910"]
[Black "brunkali"]
[Result "1-0"]
[WhiteElo "1986"]
[BlackElo "2076"]

1. c4 c6 2. Nc3 d5 3. cxd5 cxd5 4. d4 e6 5. Nf3 Bd6 6. Bg5 f6 7. Bh4 Ne7 8. e3
a6 9. Bd3 Nbc6 10. O-O O-O 11. Bg3 Bxg3 12. fxg3 b5 13. a3 e5 14. dxe5 fxe5 15.
Bc2 Be6 16. Ng5 Rxf1+ 17. Qxf1 Qd7 18. Bxh7+ Kh8 19. Bc2 Bg4 20. Qf7 Qf5 21.
Bxf5 1-0

[Event "Challenge"]
[Site "http://www.queenalice.com/game.php?id=1230955"]
[Date "2013.11.8"]
[Round "-"]
[White "pizzaiolo72"]
[Black "brunkali"]
[Result "0-1"]
[WhiteElo "1899"]
[BlackElo "2056"]

1. d4 d5 2. c4 c6 3. Nc3 e6 4. Nf3 Nf6 5. Bg5 Be7 6. e3 O-O 7. Qc2 h6 8. Bh4
Nbd7 9. Bd3 b6 10. O-O Bb7 11. cxd5 Nxd5 12. Bg3 Nb4 13. Qe2 Nxd3 14. Qxd3 c5
15. d5 exd5 16. Nxd5 Nf6 17. Bc7 Qxd5 0-1

[Event "Challenge"]
[Site "http://www.queenalice.com/game.php?id=1235106"]
[Date "2013.11.24"]
[Round "-"]
[White "pizzaiolo72"]
[Black "brunkali"]
[Result "0-1"]
[WhiteElo "1954"]
[BlackElo "2065"]

1. e4 e6 2. d4 d5 3. e5 c5 4. c3 Qb6 5. Qb3 cxd4 6. Qxb6 axb6 7. Bb5+ Nc6 8.
cxd4 Bd7 9. Nf3 Nxe5 10. Bxd7+ Nxd7 11. O-O Bd6 12. Nc3 Ne7 13. Nb5 Bb8 14. a4
O-O 15. g4 Rc8 16. b3 Ng6 17. Ba3 Nf6 18. Rac1 Bf4 19. Rxc8+ Rxc8 20. Bd6 Ne4
21. Bxf4 Nxf4 22. h4 Rc2 23. Ng5 Nd2 24. Na3 Ra2 25. Nb1 Nxf1 0-1

[Event "Challenge"]
[Site "http://www.queenalice.com/game.php?id=1236501"]
[Date "2013.11.30"]
[Round "-"]
[White "brunkali"]
[Black "pizzaiolo72"]
[Result "0-1"]
[WhiteElo "2077"]
[BlackElo "1965"]

1. e4 c5 2. c3 Nc6 3. d4 cxd4 4. cxd4 e6 5. Bc4 Na5 6. Bb5 a6 7. Ba4 b5 8. Bc2
Bb7 9. Ne2 Nf6 10. f3 Rc8 11. O-O Be7 12. a3 O-O 13. e5 Nd5 14. Qd3 g6 15. Nbc3
d6 16. Bh6 Re8 17. Nxd5 exd5 18. f4 dxe5 19. fxe5 Bg5 20. Bxg5 Qxg5 21. b3 Nc6
22. b4 Rc7 23. Rf2 Bc8 24. Bb3 Bf5 25. Rxf5 Qxf5 26. Qxf5 gxf5 27. Bxd5 Rd8 0-1

[Event "Challenge"]
[Site "http://www.queenalice.com/game.php?id=1237309"]
[Date "2013.12.3"]
[Round "-"]
[White "Zugswang"]
[Black "brunkali"]
[Result "1-0"]
[WhiteElo "2300"]
[BlackElo "2057"]

1. e4 e6 2. d4 d5 3. Nd2 c5 4. c3 Nf6 5. e5 Nfd7 6. Bd3 Qb6 7. Ne2 Nc6 8. O-O
cxd4 9. cxd4 Nxd4 10. Nxd4 Qxd4 11. Nf3 Qg4 12. h3 Qh5 13. Qa4 Be7 14. Kh2 O-O
15. g4 Nc5 16. Qd1 1-0

[Event "Challenge"]
[Site "http://www.queenalice.com/game.php?id=1244083"]
[Date "2013.12.31"]
[Round "-"]
[White "brunkali"]
[Black "pizzaiolo72"]
[Result "1-0"]
[WhiteElo "2051"]
[BlackElo "2044"]

1. d4 Nf6 2. c4 d5 3. e3 c6 4. c5 b5 5. b4 a5 6. Ba3 e5 7. f3 Qc7 8. Bd3 Na6 9.
Qd2 axb4 10. Bxb4 Nxb4 11. Qxb4 Ra4 12. Qb2 exd4 13. exd4 Qa5+ 14. Nd2 g6 15.
Ne2 Bh6 16. Nc3 Bxd2+ 17. Qxd2 Rxd4 18. Qe3+ Re4 19. Bxe4 dxe4 20. Qd4 Ke7 21.
Qd6+ 1-0

[Event "Challenge"]
[Site "http://www.queenalice.com/game.php?id=1245642"]
[Date "2014.1.5"]
[Round "-"]
[White "Zugswang"]
[Black "brunkali"]
[Result "1-0"]
[WhiteElo "2183"]
[BlackElo "2067"]

1. e4 e6 2. d4 d5 3. Nd2 c5 4. c3 Nf6 5. e5 Nfd7 6. Bd3 c4 7. Bb1 Be7 8. f4 O-O
9. Nh3 f6 10. Nf3 f5 11. Nfg5 Nb6 12. Nxh7 Kxh7 13. Qh5+ 1-0

[Event "Challenge"]
[Site "http://www.queenalice.com/game.php?id=1246505"]
[Date "2014.1.9"]
[Round "-"]
[White "Zugswang"]
[Black "brunkali"]
[Result "1-0"]
[WhiteElo "2213"]
[BlackElo "2041"]

1. e4 e6 2. d4 d5 3. Nd2 Nf6 4. e5 Nfd7 5. Bd3 c5 6. c3 Nc6 7. Ne2 cxd4 8. cxd4
Qb6 9. O-O Nxd4 10. Nxd4 Qxd4 11. Nf3 Qg4 12. h3 Qh5 13. Qa4 Be7 14. Kh2 f6 15.
g4 Qf7 16. Bb5 Bc5 17. b4 Bb6 18. Bb2 O-O 19. exf6 Nxf6 20. Ne5 Bc7 21. f4 Qe7
22. Bd3 h6 23. Ng6 Qe8 24. Qc2 Rf7 25. Ne5 Re7 26. Rae1 Bd6 27. g5 hxg5 28. fxg5
Ne4 29. Bxe4 dxe4 30. Qxe4 Qh5 31. g6 Bd7 32. Qd4 Bxe5+ 33. Qxe5 1-0

[Event "Challenge"]
[Site "http://www.queenalice.com/game.php?id=1253044"]
[Date "2014.2.1"]
[Round "-"]
[White "ggg09"]
[Black "brunkali"]
[Result "0-1"]
[WhiteElo "1856"]
[BlackElo "1961"]

1. e4 e6 2. d4 d5 3. Nc3 Bb4 4. e5 c5 5. a3 cxd4 6. Qxd4 Nc6 7. Qe3 d4 8. Qd3
Bxc3+ 9. bxc3 dxc3 10. Qxc3 Qd4 11. Bb2 Qe4+ 12. Ne2 Nge7 13. O-O-O O-O 14. Ng3
Qf4+ 15. Qd2 Ng6 16. Qxf4 Nxf4 17. Ne4 Ng6 18. Bb5 Ngxe5 19. Rd6 a6 20. Bxc6
Nxc6 21. Rhd1 e5 22. Nc5 f6 23. Nd7 Rf7 24. Nb6 Rb8 25. Nxc8 Rxc8 26. Rd7 Nd4
27. Rxf7 Rxc2+ 28. Kb1 Rxb2+ 29. Kxb2 Kxf7 30. Rc1 Nc6 31. Kc3 Ke7 32. Kc4 Kd6
33. h3 b5+ 34. Kd3 f5 35. f3 Kd5 36. g4 g6 37. Rd1 Nd4 38. Ke3 f4+ 39. Kf2 g5
40. Kg2 Ke6 41. Kf2 h6 42. Kg2 Nc2 43. Rd8 Nxa3 44. Ra8 Kd5 45. Rxa6 b4 46. Rxh6
Kc4 47. Rc6+ Kd3 48. Rc5 b3 49. Ra5 b2 50. Rxa3+ Kc4 51. Ra4+ Kc5 52. Ra5+ Kc6
53. Ra6+ Kc7 54. Ra7+ Kb8 0-1

[Event "Challenge"]
[Site "http://www.queenalice.com/game.php?id=1253048"]
[Date "2014.2.1"]
[Round "-"]
[White "brunkali"]
[Black "ggg09"]
[Result "1/2-1/2"]
[WhiteElo "1963"]
[BlackElo "1905"]

1. e4 e6 2. d4 d5 3. e5 c5 4. c3 Qb6 5. Nf3 Bd7 6. Bd3 Nc6 7. Bc2 cxd4 8. cxd4
Nge7 9. Nc3 Nf5 10. Bxf5 exf5 11. Rb1 Bb4 12. O-O Be6 13. Na4 Qa5 14. a3 Be7 15.
b4 Qc7 16. Nc5 Bxc5 17. bxc5 O-O 18. Bd2 b6 19. Qc2 Rab8 20. Rfc1 b5 21. Be3 a6
22. Bd2 Na5 23. Bxa5 Qxa5 24. Qc3 Qxc3 25. Rxc3 Rfc8 26. g3 h6 27. Nh4 g6 28. f4
g5 29. fxg5 hxg5 30. Nf3 g4 31. Nh4 Rb7 32. Ng2 Rcb8 33. Rcb3 Kg7 34. Nf4 Kh6
35. h3 Kg5 36. h4+ Kh6 37. Kf2 a5 38. Nd3 Kg6 39. Ke3 f6 40. Kf4 Kg7 41. Ke3 Kf7
42. Kf4 Kg6 43. Nf2 Kg7 44. Nd1 Kg6 45. Ne3 b4 46. a4 Re8 1/2-1/2

[Event "Challenge"]
[Site "http://www.queenalice.com/game.php?id=1253368"]
[Date "2014.2.2"]
[Round "-"]
[White "Zugswang"]
[Black "brunkali"]
[Result "1-0"]
[WhiteElo "2144"]
[BlackElo "1972"]

1. e4 e6 2. d4 d5 3. Nd2 c5 4. c3 cxd4 5. cxd4 dxe4 6. Nxe4 Nd7 7. Bf4 Qb6 8.
Qd2 Ngf6 9. Nc3 Nd5 10. Nxd5 exd5 11. a3 Be7 12. Nf3 O-O 13. Bd3 Qe6+ 14. Be3
Nf6 15. O-O Re8 16. Rac1 Ne4 17. Qa5 b6 18. Qa4 Bd7 19. Bb5 Bxb5 20. Qxb5 a6 21.
Qc6 Bd6 22. g3 b5 23. Ng5 Nxg5 24. Bxg5 Rec8 25. Qb6 h6 26. Be3 Rcb8 27. Qc6 Rc8
28. Qb6 Rcb8 29. Qa5 Qd7 30. Rc2 Rc8 31. Rfc1 Rc4 32. b3 Rxc2 33. Rxc2 Qe7 34.
a4 Qb7 35. h4 Qe7 36. axb5 Bxg3 37. bxa6 Qxh4 38. Qxd5 Qh2+ 39. Kf1 Qh3+ 40. Qg2
Qf5 41. Qxa8+ 1-0

[Event "Challenge"]
[Site "http://www.queenalice.com/game.php?id=1253625"]
[Date "2014.2.3"]
[Round "-"]
[White "acam"]
[Black "brunkali"]
[Result "1-0"]
[WhiteElo "1587"]
[BlackElo "2032"]

1. c4 e5 2. e4 c6 3. Nf3 d6 4. d4 Bg4 5. Be2 Bxf3 6. Bxf3 Be7 7. Nc3 Nf6 8. Be3
O-O 9. Rc1 Nbd7 10. O-O h6 11. Qb3 b6 12. Qa4 Qb8 13. Qxc6 Rc8 14. Qa4 Qc7 15.
Nd5 Nxd5 16. cxd5 Qb7 17. Be2 a6 18. Rxc8+ Qxc8 19. Rc1 Qb7 20. Qc6 Qa7 21. dxe5
Nxe5 22. Qxb6 Qxb6 23. Bxb6 Bg5 24. Rc2 Bd8 25. Bxd8 Rxd8 26. Bxa6 Ra8 27. Rc8+
Rxc8 28. Bxc8 Nd3 29. b3 Nc1 30. b4 Nxa2 31. b5 1-0

[Event "Challenge"]
[Site "http://www.queenalice.com/game.php?id=1254068"]
[Date "2014.2.5"]
[Round "-"]
[White "brunkali"]
[Black "acam"]
[Result "0-1"]
[WhiteElo "2002"]
[BlackElo "1649"]

1. d4 d5 2. c4 c6 3. e3 Nf6 4. c5 e6 5. b4 Be7 6. Bb2 Nbd7 7. Bd3 O-O 8. Ne2 b6
9. O-O Ne8 10. a3 Nef6 11. f3 a5 12. Qa4 Bb7 13. Qb3 axb4 14. axb4 Rxa1 15. Bxa1
Qc8 16. Qc2 Ba6 17. Rd1 Qb7 18. Nbc3 Ra8 19. Bb2 Bxd3 20. Qxd3 bxc5 21. dxc5
Qxb4 0-1

[Event "Challenge"]
[Site "http://www.queenalice.com/game.php?id=1254265"]
[Date "2014.2.6"]
[Round "-"]
[White "pizzaiolo72"]
[Black "brunkali"]
[Result "0-1"]
[WhiteElo "2013"]
[BlackElo "1973"]

1. g4 e5 2. Bg2 d5 3. d4 e4 4. f3 Qh4+ 5. Kf1 Qf6 6. Nh3 h6 7. c4 Bxg4 8. cxd5
Bxh3 9. Bxh3 exf3 10. exf3 Bd6 11. Nc3 a6 12. Ne4 Qe7 13. Nxd6+ Qxd6 14. Qb3 b6
15. Bd2 a5 16. Qb5+ c6 17. Re1+ Ne7 18. dxc6 O-O 19. Qxb6 Ra6 20. Qb7 Nexc6 21.
Bc3 Qd8 22. Qb5 Nxd4 23. Rd1 Nxb5 0-1

[Event "Challenge"]
[Site "http://www.queenalice.com/game.php?id=1281509"]
[Date "2014.5.13"]
[Round "-"]
[White "pizzaiolo72"]
[Black "brunkali"]
[Result "0-1"]
[WhiteElo "2038"]
[BlackElo "1991"]

1. g4 d5 2. Bg2 c6 3. e4 e6 4. exd5 cxd5 5. c4 d4 6. d3 Bb4+ 7. Bd2 Bxd2+ 8.
Nxd2 Ne7 9. Ngf3 Nbc6 10. O-O O-O 11. Re1 Ng6 12. a3 Nf4 13. Nb3 Nxg2 14. Kxg2
f6 15. Nc5 e5 16. b4 b6 17. Ne4 Bxg4 18. b5 Ne7 19. h3 Be6 20. a4 Ng6 21. c5
Nf4+ 22. Kg3 bxc5 23. Nxc5 Bxh3 24. Qb3+ Kh8 25. Rh1 Qc8 0-1

[Event "Challenge"]
[Site "http://www.queenalice.com/game.php?id=1285130"]
[Date "2014.5.31"]
[Round "-"]
[White "brunkali"]
[Black "pizzaiolo72"]
[Result "1-0"]
[WhiteElo "2009"]
[BlackElo "2074"]

1. d4 Nf6 2. c4 g6 3. Nc3 Bg7 4. e3 c6 5. Bd3 d5 6. Nge2 dxc4 7. Bxc4 b5 8. Bb3
a5 9. e4 a4 10. Bc2 Na6 11. O-O O-O 12. f3 Nb4 13. Bb1 h5 14. Be3 Re8 15. a3 Na6
16. Nf4 Bh6 17. Nfd5 Bxe3+ 18. Nxe3 e5 19. dxe5 Qb6 20. exf6 Qxe3+ 21. Rf2 Be6
22. Qd2 Qxd2 23. Rxd2 Nc5 24. Bc2 Bb3 25. Rad1 Bxc2 26. Rxc2 Na6 27. Rd6 Re6 28.
Rxe6 fxe6 29. e5 Rd8 30. Ne4 1-0